000 00443nam a2200169Ia 4500
003 GCL
008 140319s9999 xx 000 0 eng d
040 _aGCL /
_cGCL
082 0 4 _a615.58
_bB H
100 1 _aLARNER, JOSEPH
245 1 0 _aHUMAN PHARMACOLOGY: MOLECULA TO CLINICAL /
_cLARNER, JOSEPH
700 1 _aBRODY, THEODORE
260 _a[S.N] :
_bMOSBY ،
_c1994
650 0 4 _aPHARMACOLOGY
650 0 4 _aCHEMOTHERAPY
942 _2ddc
_cBK
999 _c10327
_d10327